Lithic Technology in the Middle Potomac River Valley of Maryland and Virginia /

The archaeological focus on a single geographical area offers an opportunity to present projectile point typology as a microtechnology even though some of the types have widespread distributions. The area of the Middle Potomac River Valley presents a physical artefact collection for a view of prehis...

Full description

Bibliographic Details
Main Author: Hranicky, Wm Jack
Corporate Author: SpringerLink (Online service)
Format: eBook
Language:English
Published: Boston, MA : Springer US, 2002.
Subjects:
Online Access:Connect to the full text of this electronic book

MARC

Tag First Indicator Second Indicator Subfields
LEADER 00000cam a2200000Mi 4500
001 in00003575751
006 m o d
007 cr mnu---uuaaa
008 121227s2002 mau o 000 0 eng
005 20260420212533.6
020 |a 9781461506157 (electronic bk.) 
020 |a 1461506158 (electronic bk.) 
020 |z 9781461351597 
020 |z 1461351596 
035 |a (OCoLC)852791500 
040 |a AU@  |b eng  |c AU@  |d OCLCO  |d OCLCQ  |d GW5XE  |d OCLCF  |d UtOrBLW 
049 |a TXAM 
050 4 |a CC1-960 
072 7 |a HD  |2 bicssc 
072 7 |a SOC003000  |2 bisacsh 
082 0 4 |a 930.1  |2 23 
100 1 |a Hranicky, Wm Jack. 
245 1 0 |a Lithic Technology in the Middle Potomac River Valley of Maryland and Virginia /  |c by Wm Jack Hranicky. 
264 1 |a Boston, MA :  |b Springer US,  |c 2002. 
300 |a 1 online resource (314 pages) 
336 |a text  |b txt  |2 rdacontent 
337 |a computer  |b c  |2 rdamedia 
338 |a online resource  |b cr  |2 rdacarrier 
520 |a The archaeological focus on a single geographical area offers an opportunity to present projectile point typology as a microtechnology even though some of the types have widespread distributions. The area of the Middle Potomac River Valley presents a physical artefact collection for a view of prehistory. This volume, which includes several hundred images of the investigation, artefacts and archaeological research compiled and recorded from over 30 years of work in the area, includes: -an overview of the Middle Potomac River Valley archaeology including the peoples and sites; -new data and interpretations for the lithic technology of the area; and -classification and typology of artefacts including the usage of projectile point, axe, celt, drill, and knife implements. This work will be of great interest to prehistory archaeologists, especially those working in the Middle Atlantic region of the United States. 
500 |a Electronic resource. 
650 0 |a Social sciences. 
650 0 |a Anthropology. 
650 0 |a Archaeology. 
650 7 |a Anthropology.  |2 fast  |0 (OCoLC)fst00810196 
650 7 |a Archaeology.  |2 fast  |0 (OCoLC)fst00812938 
650 7 |a Social sciences.  |2 fast  |0 (OCoLC)fst01122877 
655 7 |a Electronic books.  |2 local 
710 2 |a SpringerLink (Online service) 
776 1 8 |i Print version:  |z 9781461351597 
856 4 0 |u http://proxy.library.tamu.edu/login?url=https://link.springer.com/10.1007/978-1-4615-0615-7  |z Connect to the full text of this electronic book  |t 0 
994 |a 92  |b TXA 
999 |a MARS 
999 f f |s 36c01808-b662-38e5-86c7-eecd4f76da80  |i 4208c2d8-c6f5-34c9-863f-7da59268b1be  |t 0 
952 f f |a Texas A&M University  |b College Station  |c Electronic Resources  |s www_evans  |d Available Online  |t 0  |e CC1-960  |h Library of Congress classification 
998 f f |a CC1-960  |t 0  |l Available Online